000 00453nam a2200181Ia 4500
001 22366
005 20260414150826.0
008 260414t2008||||xx |||||||||||||| ||spa||
041 _aESP
082 _a621.38
_bC247B
100 _aWatkins, Michael
_eAUT
245 0 _aCCNA Security :
_bofficial exam certification guide
260 _c2008
300 _axxxv, 637 páginas :
_c24 cm.
650 _aTCA
654 _aCET
942 _cLIB
_dJUS
_fJUS
_2ddc
_n
999 _c22366
_d22366